000 00483nam a22001697a 4500
999 _c523821
_d523821
003 NUST
038 _awaseem
082 _a891.435491
_bQAS
100 _aQasim, Ghafor Shah
_914590
245 _aPakistani Adab 1947 se Ta Hal /
_cGhafor Shah Qasim
260 _aLahore :
_bBook Talk,
_c1995.
300 _a263 p. ;
500 _aHardcover.
880 _6100-02\r
_aغفور شاہ قاسم
880 _6245-02\r
_aپاکستانی ادب 1947 سے تا حال /
942 _2ddc
_cBK